Weed ecology : (Record no. 33580)
[ view plain ]
| 000 -LEADER | |
|---|---|
| fixed length control field | 00965cam a2200301 a 4500 |
| 001 - CONTROL NUMBER | |
| control field | u7756 |
| 003 - CONTROL NUMBER IDENTIFIER | |
| control field | SIRSI |
| 005 - DATE AND TIME OF LATEST TRANSACTION | |
| control field | 20180220094314.0 |
| 008 - FIXED-LENGTH DATA ELEMENTS--GENERAL INFORMATION | |
| fixed length control field | 970803s1997 nyua b 001 0 eng d |
| 020 ## - INTERNATIONAL STANDARD BOOK NUMBER | |
| International Standard Book Number | 0471116068 |
| 039 #9 - LEVEL OF BIBLIOGRAPHIC CONTROL AND CODING DETAIL [OBSOLETE] | |
| -- | 200203190947 |
| -- | load |
| 040 ## - CATALOGING SOURCE | |
| Original cataloging agency | EAL. |
| 050 ## - LIBRARY OF CONGRESS CALL NUMBER | |
| Classification number | SB611 |
| Item number | R33 1997 |
| 100 1# - MAIN ENTRY--PERSONAL NAME | |
| Personal name | Radosevich, Steven. |
| 245 10 - TITLE STATEMENT | |
| Title | Weed ecology : |
| Remainder of title | implication for management / |
| Statement of responsibility, etc. | Steven Radosevich, Jodie Holt, Claudio Ghersa. |
| 250 ## - EDITION STATEMENT | |
| Edition statement | 2nd ed. |
| 260 ## - PUBLICATION, DISTRIBUTION, ETC. | |
| Place of publication, distribution, etc. | New York : |
| Name of publisher, distributor, etc. | John Wiley & Sons, |
| Date of publication, distribution, etc. | c1997. |
| 300 ## - PHYSICAL DESCRIPTION | |
| Extent | xvi, 589 p. : |
| Other physical details | ill. ; |
| Dimensions | 25 cm. |
| 504 ## - BIBLIOGRAPHY, ETC. NOTE | |
| Bibliography, etc. note | Includes bibliographical references (p. 535-568) and index. |
| 596 ## - | |
| -- | 1 |
| 650 #0 - SUBJECT ADDED ENTRY--TOPICAL TERM | |
| Topical term or geographic name entry element | Weeds |
| General subdivision | Ecology. |
| 650 #0 - SUBJECT ADDED ENTRY--TOPICAL TERM | |
| Topical term or geographic name entry element | Weeds |
| General subdivision | Control. |
| 700 10 - ADDED ENTRY--PERSONAL NAME | |
| Personal name | Holt, Jodie. |
| 700 10 - ADDED ENTRY--PERSONAL NAME | |
| Personal name | Ghersa, Claudio. |
| 942 ## - ADDED ENTRY ELEMENTS (KOHA) | |
| Koha item type | Books |
| Source of classification or shelving scheme | Library of Congress Classification |
| Withdrawn status | Lost status | Source of classification or shelving scheme | Damaged status | Not for loan | Home library | Current library | Date acquired | Total Checkouts | Full call number | Barcode | Date last seen | Copy number | Price effective from | Koha item type |
|---|---|---|---|---|---|---|---|---|---|---|---|---|---|---|
| Library of Congress Classification | Main | Main | 02/20/2018 | SB611 R33 1997 | 0009946 | 02/20/2018 | 1 | 02/20/2018 | Books | |||||
| Library of Congress Classification | Main | Main | 02/20/2018 | SB611 R33 1997 | 0009949 | 02/20/2018 | 2 | 02/20/2018 | Books | |||||
| Library of Congress Classification | Main | Main | 02/20/2018 | SB611 R33 1997 | 0009945 | 02/20/2018 | 3 | 02/20/2018 | Books |